[Event "SR 3. liga A2 2012/2013"]
[Site "?"]
[Date "2012.10.07"]
[Round "1.4"]
[White "Lukacovic, Miroslav"]
[Black "Pribila, Gerhard"]
[Result "1-0"]
[WhiteElo "1997"]
[BlackElo "2080"]
[PlyCount "237"]
[EventDate "2012.??.??"]

1. d4 Nf6 2. c4 c5 3. d5 e6 4. Nc3 exd5 5. Nxd5 Nxd5 6. cxd5 d6 7. e4 a6 8. Bd3
Be7 9. Ne2 Bf6 10. O-O b5 11. Rb1 O-O 12. b3 Bg4 13. f3 Bc8 14. Bb2 Nd7 15. Qc2
Bxb2 16. Qxb2 Ne5 17. Bc2 a5 18. Rbe1 Qh4 19. Ng3 g6 20. Rf2 b4 21. Nf1 Ba6 22.
Ne3 Qf6 23. Qb1 Qf4 24. Qd1 h5 25. g3 Qf6 26. f4 Nd7 27. e5 dxe5 28. fxe5 Qg5
29. Nf5 gxf5 30. Rxf5 Qg4 31. Qxg4+ hxg4 32. Rg5+ Kh8 33. Rh5+ Kg8 34. Bh7+ Kg7
35. Bf5 Rad8 36. Re4 Nxe5 37. Rxe5 Rfe8 38. Bxg4 Rxe5 39. Rxe5 Kf6 40. Rf5+ Kg6
41. Kf2 Bb7 42. h4 Rxd5 43. Rxd5 Bxd5 44. Be2 Be4 45. Ke3 Bb1 46. Bd3+ Bxd3 47.
Kxd3 Kh5 48. Kc4 Kg4 49. Kxc5 f5 50. Kb6 Kxg3 51. h5 f4 52. h6 f3 53. h7 f2 54.
h8=Q f1=Q 55. Qe5+ Kg4 56. Qd4+ Kf5 57. Qd5+ Kf6 58. Qxa5 Qe2 59. Qa6 Qd2 60.
Kb5+ Ke5 61. Qa7 Qc3 62. Qc5+ Ke6 63. Qxb4 Qf6 64. Qc5 Kd7 65. Kb4 Qf4+ 66. Ka3
Qf3 67. Qa7+ Kd6 68. Qb8+ Kc5 69. Qc7+ Kb5 70. Qc4+ Kb6 71. Qd4+ Kb5 72. Qd7+
Kc5 73. Qc8+ Kb5 74. Qb8+ Kc5 75. Ka4 Qe2 76. b4+ Kd4 77. Qd6+ Kc3 78. Qf6+ Kc2
79. Ka3 Qe8 80. Qb2+ Kd3 81. Qb3+ Kd2 82. Qd5+ Kc2 83. b5 Qe7+ 84. Ka4 Qa7+ 85.
Kb4 Kb2 86. Qd2+ Kb1 87. a4 Qe7+ 88. Kb3 Qe6+ 89. Ka3 Qh3+ 90. Kb4 Qg4+ 91. Ka5
Qc8 92. Qb4+ Ka2 93. Qe4 Qc5 94. Ka6 Qc8+ 95. Qb7 Qc4 96. a5 Ka3 97. Qc6 Qe2
98. Ka7 Qe3+ 99. b6 Kb4 100. a6 Ka5 101. Qd5+ Kb4 102. Qc6 Ka5 103. Kb7 Qe7+
104. Qc7 Qe4+ 105. Ka7 Qe3 106. Qc6 Qd4 107. Kb7 Qg7+ 108. Qc7 Qg2+ 109. Ka7
Qf2 110. Qe5+ Kb4 111. Qd6+ Ka5 112. Qd5+ Kb4 113. Kb7 Qe3 114. a7 Qe7+ 115.
Ka6 Qe2+ 116. Kb7 Qe7+ 117. Kc8 Qe8+ 118. Qd8 Qc6+ 119. Kb8 1-0

[Event "SR 3. liga A2 2012/2013"]
[Site "?"]
[Date "2012.10.07"]
[Round "1.4"]
[White "Kocak, Branislav"]
[Black "Kolenak, Matus"]
[Result "1/2-1/2"]
[WhiteElo "1891"]
[BlackElo "1916"]
[PlyCount "66"]
[EventDate "2012.??.??"]

1. d4 d5 2. c4 c6 3. Nf3 Nf6 4. Nc3 e6 5. Bg5 h6 6. Bxf6 Qxf6 7. e3 g6 8. Ne5
Bg7 9. cxd5 exd5 10. g3 Nd7 11. Nxd7 Bxd7 12. Bg2 O-O 13. O-O Qd6 14. Rc1 Qb4
15. Na4 b6 16. a3 Qb5 17. Qc2 Rac8 18. Nc3 Qa6 19. Qd2 Rfd8 20. Rfd1 Be6 21.
Ne2 g5 22. f4 c5 23. Rf1 Bg4 24. Bf3 Bxf3 25. Rxf3 cxd4 26. Rxc8 Rxc8 27. Nxd4
Qa4 28. fxg5 hxg5 29. Rf5 Qe8 30. Rxd5 g4 31. Nf5 Qe4 32. Rd8+ Rxd8 33. Qxd8+
Kh7 1/2-1/2

[Event "SR 3. liga A2 2012/2013"]
[Site "?"]
[Date "2012.10.07"]
[Round "1.4"]
[White "Hagara, Vladimir"]
[Black "Brunovsky, Peter"]
[Result "1/2-1/2"]
[WhiteElo "1909"]
[BlackElo "1816"]
[PlyCount "117"]
[EventDate "2012.??.??"]

1. d4 Nf6 2. c4 g6 3. Nc3 Bg7 4. Nf3 O-O 5. g3 d6 6. Bg2 Nc6 7. O-O e5 8. d5
Ne7 9. e4 Nd7 10. Qc2 f5 11. Ng5 Nf6 12. f3 Bd7 13. Be3 b6 14. Rad1 Qc8 15. f4
Ng4 16. Bc1 exf4 17. Bxf4 h6 18. Nf3 g5 19. Bc1 Ne5 20. Nxe5 Bxe5 21. exf5 Nxf5
22. Ne2 Qe8 23. Be4 Ng7 24. Rxf8+ Qxf8 25. Bh7+ Kh8 26. Bg6 Qe7 27. Rf1 Rf8 28.
Rxf8+ Qxf8 29. Be4 Nf5 30. b3 Nd4 31. Nxd4 Bxd4+ 32. Kg2 Qf6 33. Qe2 a5 34. Qf3
Kg7 35. Bd2 Qxf3+ 36. Kxf3 Kf6 37. g4 Bb2 38. h3 Bc8 39. Bh7 Bd7 40. Ke4 c5 41.
Be1 Be5 42. Bf2 Bh2 43. Be3 Be5 44. Bf2 Bh2 45. Be1 Be5 46. Kf3 Bc8 47. h4 Bd7
48. hxg5+ hxg5 49. Bd2 Bb2 50. Bg8 Be5 51. Be6 Be8 52. Bf5 Bb2 53. Ke4 Ba1 54.
Be1 Be5 55. Bf2 Bh2 56. Be1 Be5 57. a3 Bf7 58. Bd2 Be8 59. a4 1/2-1/2

[Event "SR 3. liga A2 2012/2013"]
[Site "?"]
[Date "2012.10.07"]
[Round "1.4"]
[White "Valla, Tomas"]
[Black "Babirat, Michal"]
[Result "1/2-1/2"]
[WhiteElo "1813"]
[BlackElo "1760"]
[PlyCount "79"]
[EventDate "2012.??.??"]

1. e4 c5 2. c3 d5 3. exd5 Qxd5 4. d4 cxd4 5. cxd4 Nc6 6. Nf3 Bg4 7. Be2 e6 8.
Nc3 Qd7 9. Be3 Nf6 10. a3 Be7 11. O-O O-O 12. h3 Bf5 13. Nh4 Bg6 14. Nxg6 hxg6
15. Bf3 Rac8 16. Qa4 a6 17. Rfd1 Nd5 18. Nxd5 exd5 19. Bg4 f5 20. Bf3 Rfd8 21.
Rac1 Na7 22. Qb3 b5 23. Rxc8 Nxc8 24. Qa2 Nb6 25. b3 Qd6 26. a4 bxa4 27. bxa4
Kf7 28. Be2 Qb4 29. Rb1 Qxa4 30. Qxa4 Nxa4 31. Bxa6 Nc3 32. Rb7 Ne4 33. f3 Nf6
34. Bf4 Rd7 35. Rb6 Bd8 36. Rb8 Bc7 37. Bxc7 Rxc7 38. Rb7 Rxb7 39. Bxb7 f4 40.
Kf2 1/2-1/2

[Event "SR 3. liga A2 2012/2013"]
[Site "?"]
[Date "2012.10.07"]
[Round "1.4"]
[White "Puskar, David"]
[Black "Zajicek, Ferdinand"]
[Result "0-1"]
[WhiteElo "1699"]
[BlackElo "1830"]
[PlyCount "72"]
[EventDate "2012.??.??"]

1. c4 c5 2. Nc3 Nc6 3. Nf3 d6 4. g3 Nf6 5. Bg2 g6 6. b3 Bg7 7. Bb2 O-O 8. O-O
Bd7 9. Qc2 Nb4 10. Qb1 Qc8 11. a3 Nc6 12. Ne4 Bf5 13. Nxf6+ Bxf6 14. Qc1 Qe6
15. d3 Qxe2 16. Bxf6 exf6 17. Rd1 Rae8 18. Qf4 Qe6 19. Qh6 Re7 20. Qh4 Rfe8 21.
h3 g5 22. Qh6 Bg6 23. h4 gxh4 24. Qxh4 Ne5 25. Nxe5 Qxe5 26. Bxb7 Qc3 27. Bc6
Re1+ 28. Kg2 Rxd1 29. Rxd1 Re2 30. Qg4 Qc2 31. Rf1 Qxd3 32. Qf3 Qxf3+ 33. Bxf3
Rb2 34. Bd1 Be4+ 35. Kg1 Rb1 36. f3 Bd3 0-1

[Event "SR 3. liga A2 2012/2013"]
[Site "?"]
[Date "2012.10.07"]
[Round "1.4"]
[White "Kanka, Tomas"]
[Black "Benkovsky, Peter"]
[Result "1-0"]
[WhiteElo "1435"]
[BlackElo "1678"]
[PlyCount "71"]
[EventDate "2012.??.??"]

1. e4 e6 2. d4 d5 3. exd5 exd5 4. Bd3 Bd6 5. Nf3 Bg4 6. O-O Nd7 7. c3 c6 8. Be3
Qc7 9. h3 Bh5 10. Nbd2 O-O-O 11. b4 b5 12. a4 a6 13. axb5 axb5 14. Ra5 Ne7 15.
Qa1 Nb6 16. Ra7 Na4 17. Rxc7+ Kxc7 18. g4 Bg6 19. Bxg6 Nxg6 20. Ne5 Rhf8 21.
Nd3 Ra8 22. Nb3 Nc5 23. Qb1 Na4 24. Qc2 Nb6 25. Na5 Rfe8 26. Ne5 Nc4 27. Naxc4
bxc4 28. Nxf7 Re4 29. Ng5 Rae8 30. Nxe4 Rxe4 31. Qa4 Nh4 32. Qa7+ Kc8 33. Qa8+
Kd7 34. Ra1 Re8 35. Ra7+ Bc7 36. Rxc7+ 1-0

[Event "SR 3. liga A2 2012/2013"]
[Site "?"]
[Date "2012.10.07"]
[Round "1.5"]
[White "Takacs, Laszlo"]
[Black "Horak, Ivan"]
[Result "1-0"]
[WhiteElo "2134"]
[BlackElo "2094"]
[PlyCount "115"]
[EventDate "2012.??.??"]

1. e4 c5 2. Nf3 d6 3. d4 cxd4 4. Nxd4 Nf6 5. Nc3 a6 6. Be2 e5 7. Nb3 Be6 8. Be3
Be7 9. O-O O-O 10. f4 Qc7 11. f5 Bc4 12. Kh1 Nbd7 13. Bxc4 Qxc4 14. Qf3 b5 15.
a3 d5 16. exd5 e4 17. Qg3 Nxd5 18. Bh6 Bf6 19. Na5 Qc7 20. Nxd5 Qxg3 21. hxg3
gxh6 22. Rad1 Rfe8 23. Nc7 Ne5 24. Nxa8 Rxa8 25. Rd6 Bg5 26. f6 e3 27. Rfd1 Re8
28. Rd8 Kf8 29. Nb7 Bxf6 30. Rxe8+ Kxe8 31. Nd6+ Kf8 32. Re1 Ng4 33. c3 Bg5 34.
Nf5 f6 35. Kg1 Kf7 36. Nd6+ Ke6 37. Ne4 Ke5 38. Nxg5 hxg5 39. Kf1 f5 40. Ke2 f4
41. gxf4+ gxf4 42. Rh1 h6 43. Kf3 Nf6 44. Rxh6 a5 45. Rh8 Nd5 46. Ra8 b4 47.
Rxa5 bxc3 48. bxc3 Kd6 49. c4 Nc3 50. Ra8 Kc5 51. Kxf4 e2 52. Re8 Kxc4 53. Kf3
Kd3 54. g4 Kd2 55. g5 e1=Q 56. Rxe1 Kxe1 57. g6 Nd5 58. g7 1-0

[Event "SR 3. liga A2 2012/2013"]
[Site "?"]
[Date "2012.10.07"]
[Round "1.5"]
[White "Sefcik, Marek"]
[Black "Veselsky, Jozef"]
[Result "1-0"]
[WhiteElo "2021"]
[BlackElo "2158"]
[PlyCount "137"]
[EventDate "2012.??.??"]

1. Nc3 d5 2. e4 d4 3. Nce2 c5 4. Ng3 Nc6 5. Nf3 Nf6 6. h3 g6 7. Bb5 Bd7 8. O-O
Bg7 9. d3 O-O 10. Bxc6 Bxc6 11. Ne5 Rc8 12. a4 Nd7 13. Nxc6 Rxc6 14. b3 a6 15.
a5 Qc7 16. Re1 Be5 17. Bh6 Re8 18. Qg4 Nf6 19. Qh4 Bxg3 20. fxg3 Nh5 21. g4 Ng7
22. Rf1 f6 23. Bf4 Qd8 24. Bd2 Rf8 25. Rf3 Ne6 26. Raf1 g5 27. Qh6 Rf7 28. h4
Rg7 29. hxg5 Nxg5 30. Rf5 Rg6 31. Qh4 Nf7 32. Rh5 Qd7 33. Rff5 Rg7 34. Bh6 Rg6
35. Bf4 Rg7 36. Bh6 Rg6 37. Bf4 Rg7 38. g3 e5 39. Bh6 Rg6 40. Bd2 Nd8 41. Bh6
Qe7 42. g5 Nf7 43. gxf6 Rcxf6 44. Bg5 Nxg5 45. Rhxg5 Kg7 46. Rxe5 Qf7 47. Rgf5
Qc7 48. Qf4 Rc6 49. Qh4 h6 50. Kg2 Rgf6 51. Rxc5 Rxf5 52. Rxf5 Rxc2+ 53. Kf3
Rc6 54. Qg4+ Rg6 55. Qf4 Qd7 56. Qe5+ Kh7 57. Qd5 Rg7 58. Qxd7 Rxd7 59. Rd5 Rc7
60. Rxd4 Kg6 61. Rd6+ Kg5 62. Rd5+ Kf6 63. Kf4 Rc3 64. b4 Rb3 65. Rd6+ Kg7 66.
Rd7+ Kg6 67. Rxb7 Rxd3 68. Rb6+ Kg7 69. Rxa6 1-0

[Event "SR 3. liga A2 2012/2013"]
[Site "?"]
[Date "2012.10.07"]
[Round "1.5"]
[White "Darazs, Zoltan"]
[Black "Kovarik, Oto"]
[Result "1-0"]
[WhiteElo "2124"]
[BlackElo "1979"]
[PlyCount "69"]
[EventDate "2012.??.??"]

1. e4 c5 2. Nf3 e6 3. d4 cxd4 4. Nxd4 a6 5. Bd3 Qc7 6. O-O Nf6 7. c4 Nc6 8.
Nxc6 bxc6 9. Nc3 Be7 10. Qe2 d6 11. f4 O-O 12. g4 d5 13. e5 Nd7 14. Rf3 Bc5+
15. Kg2 g6 16. Rh3 Bd4 17. Qe1 f5 18. gxf5 exf5 19. Ne2 c5 20. Qh4 Nb6 21. Nxd4
cxd4 22. c5 Nc4 23. b3 Ne3+ 24. Bxe3 dxe3 25. Kf3 Ra7 26. b4 a5 27. Rg1 Qg7 28.
b5 Rc7 29. c6 d4 30. Bc4+ Kh8 31. Rhg3 Qe7 32. Rxg6 Qe8 33. Rg8+ Rxg8 34. Rxg8+
Qxg8 35. Bxg8 1-0

[Event "SR 3. liga A2 2012/2013"]
[Site "?"]
[Date "2012.10.07"]
[Round "1.5"]
[White "Chabada, Tomas"]
[Black "Marosi, Csaba"]
[Result "0-1"]
[WhiteElo "1941"]
[BlackElo "1949"]
[PlyCount "64"]
[EventDate "2012.??.??"]

1. e4 c5 2. Nf3 e6 3. d4 cxd4 4. Nxd4 Qb6 5. Nc3 Bc5 6. Na4 Qa5+ 7. c3 Bxd4 8.
Qxd4 Nf6 9. Be3 Nc6 10. Qd1 Nxe4 11. Bd3 Nf6 12. O-O O-O 13. Bc5 Re8 14. b4 Qd8
15. Bd6 b6 16. Re1 Bb7 17. Rc1 Ne7 18. c4 Ng6 19. Nc3 a6 20. g3 Kh8 21. h4 Ne7
22. g4 Nc8 23. Bg3 d5 24. cxd5 Nxd5 25. Nxd5 Bxd5 26. Be4 Bxe4 27. Rxe4 Ne7 28.
Qf3 Qd5 29. Rd1 Qc6 30. Rde1 f5 31. gxf5 Nxf5 32. Rxe6 Rxe6 0-1

[Event "SR 3. liga A2 2012/2013"]
[Site "?"]
[Date "2012.10.07"]
[Round "1.5"]
[White "Meszaros, Lorant"]
[Black "Bilovsky, Milan"]
[Result "1/2-1/2"]
[WhiteElo "2048"]
[BlackElo "1911"]
[PlyCount "94"]
[EventDate "2012.??.??"]

1. d4 d5 2. c4 c6 3. Nf3 Nf6 4. Nc3 e6 5. e3 Be7 6. Bd3 Nbd7 7. O-O O-O 8. e4
dxe4 9. Nxe4 Nxe4 10. Bxe4 Nf6 11. Bc2 c5 12. Be3 b6 13. Qd3 Bb7 14. Ng5 h6 15.
Nh7 g6 16. Nxf6+ Bxf6 17. dxc5 Qxd3 18. Bxd3 Rfd8 19. Rfd1 bxc5 20. Bxc5 Bxb2
21. Rab1 Rxd3 22. Rxd3 Be4 23. Rdd1 Bc2 24. Rf1 Bxb1 25. Rxb1 Rc8 26. Be3 Bf6
27. Rc1 Bg5 28. f4 Be7 29. Bxa7 Ra8 30. Bb6 Rxa2 31. c5 Ra8 32. c6 Rc8 33. g3
Kf8 34. Kg2 Bd6 35. Kf3 Ke7 36. Ke4 Bc7 37. Bc5+ Bd6 38. Bd4 f6 39. g4 f5+ 40.
Kf3 fxg4+ 41. Kxg4 Rf8 42. Be3 Rc8 43. h4 Bc7 44. h5 Rg8 45. Ra1 gxh5+ 46. Kxh5
Rc8 47. Ra6 Kf6 1/2-1/2

[Event "SR 3. liga A2 2012/2013"]
[Site "?"]
[Date "2012.10.07"]
[Round "1.5"]
[White "Husek, Lubomir"]
[Black "Kalmar, Tamas"]
[Result "0-1"]
[WhiteElo "1809"]
[BlackElo "1920"]
[PlyCount "160"]
[EventDate "2012.??.??"]

1. e4 e6 2. d4 d5 3. e5 c5 4. c3 Nc6 5. Nf3 Qb6 6. a3 c4 7. Be2 Bd7 8. O-O f6
9. Kh1 O-O-O 10. Nbd2 fxe5 11. Nxe5 Nxe5 12. dxe5 Bc5 13. f4 Ne7 14. Bg4 Rdf8
15. Nf3 Nf5 16. Bxf5 Rxf5 17. Nd4 Rf7 18. b4 cxb3 19. Nxb3 Ba4 20. Rb1 Bxb3 21.
Qxb3 Qxb3 22. Rxb3 g5 23. g3 gxf4 24. Bxf4 Rhf8 25. Rfb1 Rc7 26. a4 Rff7 27.
Kg2 Rc6 28. a5 Bf8 29. Be3 Ra6 30. Rb5 Kb8 31. Bd4 Rc6 32. h4 h5 33. R1b2 a6
34. Rb6 Rfc7 35. Rxc6 Rxc6 36. Rf2 Bc5 37. Rf6 Bxd4 38. cxd4 b5 39. axb6 a5 40.
Rf2 Rc4 41. Rd2 Kb7 42. Kf3 Rc8 43. g4 Rf8+ 44. Kg3 hxg4 45. Kxg4 Rg8+ 46. Kf4
Kxb6 47. h5 Kb5 48. h6 Kc4 49. Ke3 Rg3+ 50. Kf4 Rg8 51. Ke3 Rh8 52. Rh2 a4 53.
h7 a3 54. Kf4 Kxd4 55. Kg5 Kc3 56. Kf6 d4 57. Kg7 Rxh7+ 58. Kxh7 d3 59. Kg6 d2
60. Rh3+ Kb2 61. Rd3 Kc2 62. Rxa3 d1=Q 63. Kf6 Kb2 64. Ra7 Qg4 65. Rd7 Qf5+ 66.
Ke7 Qxe5 67. Rd6 Kc3 68. Rxe6 Qg5+ 69. Kd6 Kd4 70. Kd7 Qf5 71. Ke7 Kd5 72. Ra6
Qh7+ 73. Kd8 Qb7 74. Rg6 Qf7 75. Ra6 Kc5 76. Kc8 Qe7 77. Kb8 Qd7 78. Rh6 Qe8+
79. Kb7 Qf7+ 80. Kc8 Qf8+ 0-1

[Event "SR 3. liga A2 2012/2013"]
[Site "?"]
[Date "2012.10.07"]
[Round "1.5"]
[White "Szitasi, Janos"]
[Black "Hrubos, Milan"]
[Result "1-0"]
[WhiteElo "1963"]
[BlackElo "1786"]
[PlyCount "61"]
[EventDate "2012.??.??"]

1. e4 c5 2. Nf3 d6 3. d4 cxd4 4. Nxd4 Nf6 5. Nc3 e5 6. Nf3 Be6 7. Ng5 a6 8.
Nxe6 fxe6 9. Bc4 Qd7 10. a3 b5 11. Bb3 Be7 12. O-O O-O 13. Nd5 Nxd5 14. exd5
Kh8 15. dxe6 Qe8 16. Be3 Nc6 17. Bd5 Rc8 18. c3 Qg6 19. a4 b4 20. Bxc6 Rxc6 21.
Qd5 Rfc8 22. cxb4 Rc4 23. b5 axb5 24. axb5 Qc2 25. Ra7 R4c7 26. b6 Rxa7 27.
bxa7 Qa4 28. Qb7 Qe8 29. Ra1 Ra8 30. b4 h6 31. b5 1-0

[Event "SR 3. liga A2 2012/2013"]
[Site "?"]
[Date "2012.10.07"]
[Round "1.5"]
[White "Klimes, Karel"]
[Black "Szekely, Stefan"]
[Result "1/2-1/2"]
[WhiteElo "1724"]
[BlackElo "1897"]
[PlyCount "64"]
[EventDate "2012.??.??"]

1. e4 d6 2. d4 Nf6 3. Nc3 g6 4. Nf3 Bg7 5. Bc4 O-O 6. O-O Nxe4 7. Nxe4 d5 8.
Bd3 dxe4 9. Bxe4 c6 10. h3 Nd7 11. c3 Nb6 12. Bg5 Nc4 13. Re1 Re8 14. Rb1 Be6
15. Bc2 b5 16. a3 Qc7 17. Nd2 h6 18. Bh4 Qf4 19. Nxc4 Qxh4 20. Ne5 Qg5 21. Qf3
Bd5 22. Be4 Bxe5 23. dxe5 Qxe5 24. Bxd5 Qxd5 25. Qf4 Kg7 26. Rbd1 Qg5 27. Qc7
Qc5 28. Rd7 Rac8 29. Qb7 Rb8 30. Qc7 Rbc8 31. Qb7 Rb8 32. Qc7 Rbc8 1/2-1/2

[Event "SR 3. liga A2 2012/2013"]
[Site "?"]
[Date "2012.10.07"]
[Round "1.6"]
[White "Bincik, Pavol"]
[Black "Kovacocy, Pavel"]
[Result "0-1"]
[WhiteElo "1937"]
[BlackElo "2221"]
[PlyCount "100"]
[EventDate "2012.??.??"]

1. d4 {0} g6 2. c4 Bg7 3. Nc3 c5 4. d5 Bxc3+ 5. bxc3 f5 6. g3 Qa5 7. Bd2 Nf6 8.
Bg2 d6 9. Qb3 Nbd7 10. Nf3 Nb6 11. Bf4 Ne4 12. Rc1 Qa6 13. Nd2 Nxd2 14. Bxd2
Qxc4 15. Bf4 Qxb3 16. axb3 Bd7 17. O-O Kf7 18. e4 fxe4 19. Bxe4 a5 20. Ra1 a4
21. bxa4 Nxa4 22. Bd2 b5 23. Ra2 Nb6 24. Rfa1 Rxa2 25. Rxa2 Ra8 26. Rxa8 Nxa8
27. Kf1 Nb6 28. Ke2 Bc8 29. Bd3 Ba6 30. Be4 b4+ 31. Bd3 Bxd3+ 32. Kxd3 b3 33.
Bc1 Na4 34. Ba3 b2 35. Kc2 b1=Q+ 36. Kxb1 Nxc3+ 37. Kc2 Nxd5 38. Kd3 Ke6 39.
Bc1 Nf6 40. f3 d5 41. Ba3 Kd6 42. f4 h5 43. Bb2 Nd7 44. h3 e5 45. fxe5+ Nxe5+
46. Ke2 d4 47. Bc1 Kd5 48. Bh6 Ke4 49. Bg7 c4 50. h4 c3 0-1

[Event "SR 3. liga A2 2012/2013"]
[Site "?"]
[Date "2012.10.07"]
[Round "1.6"]
[White "Cechovic, Stefan"]
[Black "Manak, Adrian"]
[Result "1/2-1/2"]
[WhiteElo "2169"]
[BlackElo "1949"]
[PlyCount "108"]
[EventDate "2012.??.??"]

1. Nf3 {0} d5 {0} 2. b3 {0} c5 {0} 3. Bb2 {0} Nf6 {0} 4. e3 {0} Nc6 {0} 5. Bb5
{0} a6 {0} 6. Bxc6+ {0} bxc6 {0} 7. Ne5 {0} Qc7 {0} 8. f4 {0} e6 {0} 9. O-O {0}
Bd6 {0} 10. Ng4 {0} Nxg4 {0} 11. Qxg4 {0} f6 {0} 12. Qh5+ {0} Qf7 {0} 13. Qxf7+
{0} Kxf7 {0} 14. Ba3 {0} Ke7 {0} 15. Nc3 {0} a5 {0} 16. Na4 {0} Ba6 {0} 17.
Rfb1 {0} c4 {0} 18. Bxd6+ {0} Kxd6 {0} 19. bxc4 {0} dxc4 {0} 20. Rb2 {0} Rab8 {
0} 21. Rab1 {0} Rb5 {0} 22. Nc3 {0} Rxb2 {0} 23. Rxb2 {0} Kc7 {0} 24. Kf2 {0}
Rb8 {0} 25. Rxb8 {0} Kxb8 {0} 26. e4 {0} Kc7 {0} 27. Ke3 {0} Kd6 {0} 28. g3 {0}
g6 {0} 29. Kd4 {0} e5+ {0} 30. Ke3 {0} Kc5 {0} 31. a3 {0} Bc8 {0} 32. Na4+ {0}
Kb5 {0} 33. Nb2 {0} Be6 {0} 34. Kf3 {0} h5 {0} 35. Kg2 {0} Kc5 {0} 36. c3 {0}
Kb5 {0} 37. Kf2 {0} Kc5 {0} 38. Ke3 {0} Kb5 {0} 39. Ke2 {0} Kc5 {0} 40. Kf2 {0}
Kb5 {0} 41. a4+ {0} Kc5 {0} 42. Nd1 {0} exf4 {0} 43. gxf4 {0} f5 {0} 44. Ke3 {0
} fxe4 {0} 45. Kxe4 {0} Bf5+ {0} 46. Ke5 {0} Bc2 {0} 47. Nb2 {0} Bf5 {0} 48. h4
{0} Bc2 {0} 49. Ke6 {0} Bf5+ {0} 50. Kf6 {0} Kd5 {0} 51. Kg5 {0} Bc2 {0} 52.
Kf6 {0} Bf5 {0} 53. Kg5 {0} Bc2 {0} 54. Kf6 {0} Bf5 {0} 1/2-1/2

[Event "SR 3. liga A2 2012/2013"]
[Site "?"]
[Date "2012.10.07"]
[Round "1.6"]
[White "Nemsak, Denis"]
[Black "Liptak, Tomas"]
[Result "0-1"]
[WhiteElo "1873"]
[BlackElo "2082"]
[PlyCount "76"]
[EventDate "2012.??.??"]

1. c4 {0} e5 {0.00/0 0} 2. Nc3 f5 3. d4 e4 4. h4 Nf6 5. h5 c6 6. Bg5 Be7 7. e3
d6 8. Nge2 Na6 9. Nf4 Nc7 10. Be2 Ne6 11. Nxe6 Bxe6 12. Qa4 O-O 13. Rd1 a6 14.
c5 Nd5 15. Bxe7 Qxe7 16. cxd6 Qxd6 17. Nxd5 Bxd5 18. g3 Rf6 19. Rc1 Rh6 20. Kd2
a5 21. Bc4 Bxc4 22. Qxc4+ Kf8 23. Qc5 Qxc5 24. Rxc5 g6 25. Rh4 Kg7 26. Re5 Kf6
27. Rf4 Rxh5 28. g4 Rh4 29. Rexe4 Rxg4 30. Rxg4 fxg4 31. Rxg4 g5 32. f4 Rg8 33.
Rxg5 Rxg5 34. fxg5+ Kxg5 35. e4 Kf4 36. e5 Kf5 37. a3 a4 38. Ke3 c5 0-1

[Event "SR 3. liga A2 2012/2013"]
[Site "?"]
[Date "2012.10.07"]
[Round "1.6"]
[White "Machalova, Erika"]
[Black "Slaby, Jozef"]
[Result "1-0"]
[WhiteElo "2073"]
[BlackElo "1890"]
[PlyCount "61"]
[EventDate "2012.??.??"]

1. d4 {0} d5 {0} 2. c4 {0} e6 {0} 3. Nc3 {0} Nf6 {0} 4. Nf3 {0} h6 {0} 5. Bf4 {
0} a6 {0} 6. e3 {0} Be7 {0} 7. Rc1 {0} O-O {0} 8. Bd3 {0} Nbd7 {0} 9. cxd5 {0}
exd5 {0} 10. O-O {0} c6 {0} 11. Bb1 {0} Re8 {0} 12. Qc2 {0} Nf8 {0} 13. Ne5 {0}
Bd6 {0} 14. Ne2 {0} Be6 {0} 15. Bg3 {0} Ne4 {0} 16. f3 {0} Nf6 {0} 17. Bh4 {0}
Rc8 {0} 18. Nf4 {0} Bd7 {0} 19. Bxf6 {0} Qxf6 {0} 20. Nxd7 {0} Nxd7 {0} 21.
Qh7+ {0} Kf8 {0} 22. Nxd5 {0} cxd5 {0} 23. Rxc8 {0} Rxc8 {0} 24. Qh8+ {0} Ke7 {
0} 25. Qxc8 {0} Qh4 {0} 26. f4 {0} g5 {0} 27. g3 {0} Qg4 {0} 28. Bd3 {0} gxf4 {
0} 29. exf4 {0} Bxf4 {0} 30. Rxf4 {0} Qd1+ {0} 31. Bf1 {0} 1-0

[Event "SR 3. liga A2 2012/2013"]
[Site "?"]
[Date "2012.10.07"]
[Round "1.6"]
[White "Strapko, Tomas"]
[Black "Liptak, Dusan"]
[Result "0-1"]
[WhiteElo "1880"]
[BlackElo "2060"]
[PlyCount "32"]
[EventDate "2012.??.??"]

1. d4 {0} Nf6 {0} 2. c4 {0} c5 {0} 3. d5 {0} e6 {0} 4. Nc3 {0} exd5 {0} 5. cxd5
{0} g6 {0} 6. e4 {0} d6 {0} 7. f4 {0} Bg7 {0} 8. Nf3 {0} O-O {0} 9. Bd3 {0} Re8
{0} 10. O-O {0} c4 {0} 11. Bc2 {0} Bg4 {0} 12. h3 {0} Bxf3 {0} 13. Qxf3 {0} Na6
{0} 14. a3 {0} Nd7 {0} 15. Bd2 {0} Qb6+ {0} 16. Qf2 {0} Bd4 {0} 0-1

[Event "SR 3. liga A2 2012/2013"]
[Site "?"]
[Date "2012.10.07"]
[Round "1.6"]
[White "Sarmir, Milos"]
[Black "Curidlo, Jan"]
[Result "1-0"]
[WhiteElo "2067"]
[BlackElo "1880"]
[PlyCount "93"]
[EventDate "2012.??.??"]

1. Nf3 {0} Nf6 {0} 2. g3 {0} b6 {0} 3. Bg2 {0} Bb7 {0} 4. O-O {0} e6 {0} 5. d3
{0} d5 {0} 6. Bg5 {0} h6 {0} 7. Bf4 {0} Be7 {0} 8. Nbd2 {0} Nbd7 {0} 9. c4 {0}
O-O {0} 10. Rc1 {0} Rc8 {0} 11. Ne5 {0} Nxe5 {0} 12. Bxe5 {0} c6 {0} 13. Nf3 {0
} Bd6 {0} 14. Qa4 {0} Bxe5 {0} 15. Nxe5 {0} Qc7 {0} 16. f4 {0} Rfd8 {0} 17. a3
{0} a6 {0} 18. c5 {0} Nd7 {0} 19. Nxd7 {0} Rxd7 {0} 20. d4 {0} b5 {0} 21. Qc2 {
0} Qd8 {0} 22. f5 {0} Qf6 {0} 23. Qd3 {0} Re8 {0} 24. Rcd1 {0} e5 {0} 25. dxe5
{0} Rxe5 {0} 26. e4 {0} Bc8 {0} 27. exd5 {0} cxd5 {0} 28. Rc1 {0} Bb7 {0} 29.
b4 {0} Bc6 {0} 30. Rcd1 {0} Qg5 {0} 31. Rf4 {0} Rde7 {0} 32. f6 {0} R7e6 {0}
33. fxg7 {0} Re3 {0} 34. Qf1 {0} Qe7 {0} 35. Qf2 {0} Re1+ {0} 36. Rxe1 {0}
Rxe1+ {0} 37. Bf1 {0} Re5 {0} 38. Qd4 {0} Re4 {0} 39. Rxe4 {0} Qxe4 {0} 40.
Qxe4 {0} dxe4 {0} 41. Kf2 {0} Kxg7 {0} 42. Bh3 {0} Kf6 {0} 43. Bc8 {0} Ke5 {0}
44. Ke3 {0} Kd5 {0} 45. Bxa6 {0} Kc4 {0} 46. a4 {0} Kxb4 {0} 47. axb5 {0} 1-0

[Event "SR 3. liga A2 2012/2013"]
[Site "?"]
[Date "2012.10.07"]
[Round "1.6"]
[White "Sedlak, Rastislav"]
[Black "Vagovsky, Jozef"]
[Result "1-0"]
[WhiteElo "1592"]
[BlackElo "1971"]
[PlyCount "37"]
[EventDate "2012.??.??"]

1. e4 {0} c6 {0} 2. d4 {0} d5 {0} 3. exd5 {0} cxd5 {0} 4. Nf3 {0} Nf6 {0} 5.
Bd3 {0} Nc6 {0} 6. h3 {0} Qb6 {0} 7. O-O {0} e6 {0} 8. Re1 {0} Bd7 {0} 9. c3 {0
} Bd6 {0} 10. b4 {0} Rc8 {0} 11. Bg5 {0} Ne7 {0} 12. a4 {0} a6 {0} 13. Qb3 {0}
Qc7 {0} 14. Ne5 {0} Ng6 {0} 15. Nxg6 {0} hxg6 {0} 16. Bxf6 {0} gxf6 {0} 17.
Qxd5 {0} Bc6 {0} 18. Qb3 {0} Bd5 {0} 19. Qxd5 {0} 1-0

[Event "SR 3. liga A2 2012/2013"]
[Site "?"]
[Date "2012.10.07"]
[Round "1.6"]
[White "Vlkovic, Pavol"]
[Black "Matejovic, Ludovit"]
[Result "1-0"]
[WhiteElo "1801"]
[BlackElo "1691"]
[PlyCount "71"]
[EventDate "2012.??.??"]

1. e4 {0} e5 {0} 2. Nf3 {0} Nc6 {0} 3. Bc4 {0} Bc5 {0} 4. O-O {0} d6 {0} 5. h3
{0} f5 {0} 6. exf5 {0} Bxf5 {0} 7. d3 {0} Nd4 {0} 8. Be3 {0} d5 {0} 9. Bxd4 {0}
Bxd4 {0} 10. Nxd4 {0} exd4 {0} 11. Bb3 {0} Qg5 {0} 12. Qf3 {0} c6 {0} 13. Re1+
{0} Ne7 {0} 14. Qg3 {0} Qxg3 {0} 15. fxg3 {0} Kd7 {0} 16. Nd2 {0} Rae8 {0} 17.
Nf3 {0} Rhf8 {0} 18. Nxd4 {0} h5 {0} 19. Re5 {0} g6 {0} 20. Rae1 {0} a5 {0} 21.
a4 {0} Ng8 {0} 22. Rxe8 {0} Rxe8 {0} 23. Rxe8 {0} Kxe8 {0} 24. Nxf5 {0} gxf5 {0
} 25. Kf2 {0} Ne7 {0} 26. c3 {0} Kf7 {0} 27. Ke3 {0} Ng6 {0} 28. Bd1 {0} h4 {0}
29. Bh5 {0} hxg3 {0} 30. Kf3 {0} Kf6 {0} 31. Bxg6 {0} Kxg6 {0} 32. Kxg3 {0} Kg5
{0} 33. Kf3 {0} f4 {0} 34. h4+ {0} Kh5 {0} 35. Kxf4 {0} Kxh4 {0} 36. g4 {0} 1-0

[Event "SR 3. liga A2 2012/2013"]
[Site "?"]
[Date "2012.10.21"]
[Round "2.1"]
[White "Spacek, Oliver"]
[Black "Kovacocy, Pavel"]
[Result "0-1"]
[WhiteElo "1977"]
[BlackElo "2221"]
[PlyCount "66"]
[EventDate "2012.??.??"]

1. d4 g6 2. e4 Bg7 3. c4 d6 4. Nf3 e5 5. Nc3 Bg4 6. d5 Bxf3 7. Qxf3 Bh6 8. Bxh6
Nxh6 9. Qh3 Ng8 10. Bd3 Qd7 11. Qh4 Qe7 12. Qh3 Nd7 13. O-O a5 14. Bc2 h5 15.
a3 Ngf6 16. b4 O-O 17. Qd3 Kg7 18. Rfb1 Rh8 19. f3 h4 20. Qe3 Nh5 21. Ne2 g5
22. g3 hxg3 23. hxg3 Qf6 24. Kf1 axb4 25. axb4 Rxa1 26. Rxa1 Nf4 27. gxf4 exf4
28. Qa3 Rh1+ 29. Ng1 Ne5 30. Re1 g4 31. fxg4 f3 32. g5 Qxg5 33. Qe3 Qg2# 0-1

[Event "SR 3. liga A2 2012/2013"]
[Site "?"]
[Date "2012.10.21"]
[Round "2.1"]
[White "Cechovic, Stefan"]
[Black "Nemeckay, Rastislav"]
[Result "1/2-1/2"]
[WhiteElo "2169"]
[BlackElo "1980"]
[PlyCount "31"]
[EventDate "2012.??.??"]

1. Nf3 d5 2. d4 Nf6 3. Bf4 Bf5 4. e3 e6 5. Bd3 Bxd3 6. Qxd3 c6 7. O-O Ne4 8.
Nfd2 Nxd2 9. Nxd2 Bd6 10. Bxd6 Qxd6 11. e4 O-O 12. e5 Qe7 13. f4 Nd7 14. Nf3
Rfc8 15. Ng5 Nf8 16. c3 1/2-1/2